[Event "NOR-chT Clubs"]
[Site "Drammen"]
[Date "2010.10.08"]
[Round "1.35"]
[White "Aarnes, Carl Christian"]
[Black "Hammerstad, Asmund"]
[Result "0-1"]
[WhiteElo "1598"]
[BlackElo "2171"]
[PlyCount "148"]
[EventDate "2010.10.08"]
[EventType "team"]
[EventRounds "6"]
[EventCountry "NOR"]
[SourceTitle "EXT 2015"]
[Source "ChessBase"]
[SourceDate "2014.11.20"]
[SourceVersion "1"]
[SourceVersionDate "2014.11.20"]
[SourceQuality "1"]
[WhiteTeam "Nordstrand II"]
[BlackTeam "Asker"]
[WhiteTeamCountry "NOR"]
[BlackTeamCountry "NOR"]

1. d4 e6 2. c4 f5 3. Nc3 Nf6 4. Nf3 Be7 5. e3 d6 6. Qb3 0-0 7. Bd2 Qe8 8. Bd3 Qg6 9. Rg1 Ne4 10. Qc2 Nxd2 11. Qxd2 Qh6 12. 0-0-0 Nc6 13. e4 Qxd2+ 14. Rxd2 g5 15. d5 Nb4 16. a3 Nxd3+ 17. Rxd3 e5 18. Nd2 f4 19. f3 a6 20. Kc2 Bd7 21. a4 Kh8 22. h3 h5 23. Rh1 Rg8 24. Nf1 Kg7 25. b3 Rh8 26. Nd1 g4 27. Nf2 Bh4 28. Rd2 gxf3 29. gxf3 b5 30. a5 bxc4 31. bxc4 Kf7 32. Nd3 Rab8 33. Kc3 Ba4 34. Rb2 Bd1 35. Nd2 Ba4 36. Rb4 Bd7 37. Rxb8 Rxb8 38. Nb4 Bf2 39. Nc2 h4 40. Rh2 Bg1 41. Rh1 Rg8 42. Nb4 Bc8 43. Kd3 Rg3 44. Nc2 Kf6 45. Ke2 Rg2+ 46. Kd3 Bd7 47. Ne1 Rg8 48. Nc2 Bc5 49. Kc3 Ke7 50. Ne1 Rg3 51. Nd3 Bd4+ 52. Kb4 Rxh3 53. Rc1 Be3 54. Rd1 Bxd2+ 55. Rxd2 Rxf3 56. c5 h3 57. c6 Bc8 58. Kc4 Re3 59. Nf2 h2 60. Nh1 Rxe4+ 61. Kc3 Re3+ 62. Kc4 Rh3 63. Rg2 Kf7 64. Rb2 Bf5 65. Rb7 Bd3+ 66. Kb4 Be4 67. Rxc7+ Ke8 68. Ra7 Bxd5 69. Ra8+ Ke7 70. c7 Rb3+ 71. Ka4 Rc3 72. Ra7 Kd7 73. Nf2 Rxc7 74. Rxa6 h1Q 0-1

[Event "NOR-chT 0910"]
[Site "Norway"]
[Date "2010.01.08"]
[Round "4"]
[White "Bae, Torstein"]
[Black "Hammerstad, Asmund"]
[Result "1-0"]
[WhiteElo "2414"]
[BlackElo "2208"]
[PlyCount "46"]
[EventDate "2009.11.06"]
[EventType "team"]
[EventRounds "9"]
[EventCountry "NOR"]
[SourceTitle "EXT 2011"]
[Source "ChessBase"]
[SourceDate "2010.11.26"]
[SourceVersion "1"]
[SourceVersionDate "2010.11.26"]
[SourceQuality "1"]
[WhiteTeam "Oslo SK 1911"]
[BlackTeam "Asker"]
[WhiteTeamCountry "NOR"]
[BlackTeamCountry "NOR"]

1. e4 e6 2. d4 d5 3. exd5 exd5 4. c4 Bb4+ 5. Nc3 Ne7 6. Nf3 Nbc6 7. Bd3 0-0 8. 0-0 dxc4 9. Bxc4 Bg4 10. Be3 Nf5 11. Qd3 Qd7 12. Ng5 Bh5 13. Nd5 Bd6 14. Ne4 Be7 15. Nc5 Bxc5 16. dxc5 Rad8 17. Bg5 Ne5 18. Qxf5 Nxc4 19. Bxd8 Qxf5 20. Ne7+ Kh8 21. Nxf5 Rxd8 22. b3 Ne5 23. Ng3 Bg6 1-0

[Event "NOR-chT 0809"]
[Site "Norway"]
[Date "2008.11.07"]
[Round "2"]
[White "Forsaa, Espen"]
[Black "Hammerstad, Asmund"]
[Result "1-0"]
[WhiteElo "2313"]
[BlackElo "2170"]
[PlyCount "129"]
[EventDate "2008.11.07"]
[EventType "team-tourn"]
[EventRounds "11"]
[EventCountry "NOR"]
[SourceTitle "EXT 2010"]
[Source "ChessBase"]
[SourceDate "2010.11.25"]
[SourceVersion "1"]
[SourceVersionDate "2010.11.25"]
[SourceQuality "1"]

1. d4 d5 2. c4 c6 3. Nf3 Nf6 4. Nc3 a6 5. Qb3 e6 6. Bg5 dxc4 7. Qxc4 b5 8. Qb3 Nbd7 9. e3 h6 10. Bh4 Be7 11. Be2 0-0 12. 0-0 c5 13. a4 b4 14. Nb1 cxd4 15. Nxd4 Bb7 16. Nd2 Nc5 17. Qd1 Nfe4 18. Bxe7 Qxe7 19. Nxe4 Bxe4 20. Bf3 e5 21. Bxe4 Nxe4 22. Nc6 Qe6 23. Rc1 a5 24. Qd3 Nf6 25. Rfd1 Rfe8 26. Qc4 Qf5 27. Qd3 Qe6 28. Rc5 Rac8 29. Qc4 Kh8 30. Qxe6 Rxe6 31. Rd8+ Rxd8 32. Nxd8 Re7 33. f3 e4 34. Nc6 Rd7 35. Nd4 exf3 36. gxf3 Nd5 37. Kf2 Nf4 38. Rxa5 Nd3+ 39. Ke2 Nxb2 40. Ra8+ Kh7 41. a5 Rd5 42. a6 Ra5 43. Nc6 Rc5 44. Nxb4 Rb5 45. a7 Rxb4 46. Rb8 Ra4 47. a8Q Rxa8 48. Rxa8 Nc4 49. Ra6 Ne5 50. f4 Ng4 51. h3 Nf6 52. Kf3 Ng8 53. Ra5 g6 54. e4 Kg7 55. Ra7 Kf8 56. e5 Ne7 57. Ke4 h5 58. Rc7 Nf5 59. e6 fxe6 60. Ke5 Ng7 61. h4 Kg8 62. Rxg7+ Kxg7 63. Kxe6 g5 64. fxg5 Kg6 65. Ke5 1-0

[Event "NOR-chT 0809"]
[Site "Norway"]
[Date "2008.11.07"]
[Round "1"]
[White "Hammerstad, Asmund"]
[Black "Kolas, Tore"]
[Result "1/2-1/2"]
[WhiteElo "2170"]
[BlackElo "2144"]
[PlyCount "54"]
[EventDate "2008.11.07"]
[EventType "team-tourn"]
[EventRounds "11"]
[EventCountry "NOR"]
[SourceTitle "EXT 2010"]
[Source "ChessBase"]
[SourceDate "2010.11.25"]
[SourceVersion "1"]
[SourceVersionDate "2010.11.25"]
[SourceQuality "1"]

1. d4 d5 2. c4 c6 3. Nc3 Nf6 4. e3 e6 5. Nf3 Nbd7 6. Qc2 Bd6 7. Bd3 h6 8. 0-0 0-0 9. b3 b6 10. cxd5 cxd5 11. Nb5 Qe7 12. a4 Bb4 13. Nc7 Rb8 14. Na6 Bxa6 15. Bxa6 Rbd8 16. Qe2 Nb8 17. Bb2 Ne4 18. Rfc1 f5 19. Ne5 Qf6 20. Bd3 f4 21. Bxe4 dxe4 22. exf4 Qxf4 23. Rc7 Bd6 24. g3 Qxf2+ 25. Qxf2 Rxf2 26. Kxf2 Bxc7 27. Nc4 Nc6 1/2-1/2